Swami VIvekananda; (Record no. 187218)

MARC details
000 -LEADER
fixed length control field 00610nam a22001817a 4500
005 - DATE AND TIME OF LATEST TRANSACTION
control field 20220406133400.0
010 ## - LCCN (DPL NO)
LC control number ENG-132239
020 ## - INTERNATIONAL STANDARD BOOK NUMBER
International Standard Book Number 978938723492
Terms of availability 695.00
035 ## - SYSTEM CONTROL NUMBER
System control number EN-115771
037 ## - SOURCE OF ACQUISITION
Source of stock number/acquisition DBAD/PUB
082 ## - DEWEY DECIMAL CLASSIFICATION NUMBER
Classification number 294.555092
100 ## - MAIN ENTRY--PERSONAL NAME
Personal name SEN, SANKAR
245 ## - TITLE STATEMENT
Title Swami VIvekananda;
Remainder of title A Modern Saint and Prophet
Statement of responsibility, etc Sankar Sen
260 ## - PUBLICATION, DISTRIBUTION, ETC. (IMPRINT)
Place of publication, distribution, etc Delhi
Name of publisher, distributor, etc LG PUBLISHERS DISTRIBUTORS
Date of publication, distribution, etc 2019
270 ## - ADDRESS
Address 49, street no.14, pratap nagar mayur vihar phase I, Delhi
City Delhi
Postal code 110091
Electronic mail address lgpdist@gmail.com
300 ## - PHYSICAL DESCRIPTION
Extent 221p.
Other physical details Index, Appendix
Dimensions 23cm(hbk)
942 ## - ADDED ENTRY ELEMENTS (KOHA)
Source of classification or shelving scheme Dewey Decimal Classification
Item type English Books
Call number suffix SEN
Classification part 294.555092
Holdings
Withdrawn status Lost status Not for loan Collection code Home library Current library Date acquired Source of acquisition Cost, normal purchase price Full call number Barcode Copy number Cost, replacement price Koha item type
      Non-fiction Central Library Central Library 06/04/2022 DBAD/PUB 695.00 294.555092 SEN EN-115771 1 695.00 English Books

© Delhi Public Library
Hit Counter
free hit counter